| 000 | 00711cab a2200217 4500 | ||
|---|---|---|---|
| 001 | WB2549-37 | ||
| 008 | 090401t1989 xxu||||| |||| 00| 0 eng d | ||
| 035 | _a(Sirsi) u23767 | ||
| 041 | _aeng | ||
| 245 | _aNegligent misrepresentation | ||
| 260 | _c1989 | ||
| 350 | _a0 | ||
| 490 |
_aDaily Mail _v11/12/89 p19 |
||
| 520 | _aA recent Appeal Court decision means that people selling their property who mislead buyers either deliberately or by mistake, could face severe financial repercussions. (See WB2548-39) | ||
| 650 | _aHUSSEY V EELS | ||
| 650 | _aMISREPRESENTATION | ||
| 650 | _aNEGLIGENCE | ||
| 690 | _aMANAGEMENT-BUSINESS MANAGEMENT-PROFESSIONAL PRACTICE | ||
| 942 | _n0 | ||
| 948 | _c04/03/1997 | ||
| 999 |
_c15911 _d15911 |
||